000
00291nam a22001217a 4500
999
_c
13544
_d
13544
082
_a
346.54
_b
HAL
100
_a
Shaikh Abdul Halim
245
_a
Muslim Family Laws
260
_a
Lahore
_b
P.L.D. Publishers
_c
1996
300
_a
various Pagination
650
_a
Islam, Laws, Muslim
942
_c
BK